| 000 | 04168nam a22002777i 4500 | ||
|---|---|---|---|
| 003 | DO-SdBNP | ||
| 005 | 20250916082044.0 | ||
| 007 | ta | ||
| 008 | 220617b1992 dr da||| |||| 00| 0 spa d | ||
| 040 |
_aDO-SdBNP _bspa _cBNPHU _erda |
||
| 041 | _aspa | ||
| 082 | 4 |
_a330.97293 _bS113e, 1992 _222 |
|
| 245 | 0 | 0 |
_aSábado económico : _bnúmeros 105-156 / _ceditor Andrés Dauhajre hijo |
| 264 |
_aSanto Domingo : _bFundación Economía y Desarrollo, _c1992. |
||
| 300 |
_a543 paginas : _bilustraciones, gráficas. ; _c22 cm. |
||
| 336 |
_2rdacontent _atexto _btxt |
||
| 337 |
_2rdamedia _asin mediación _bn |
||
| 338 |
_2rdacarrier _avolumen _bnc |
||
| 505 | _aN° 105. El control de alquileres 3 -- Vivienda y construcción 9 -- N° 106. 10 razones para privatizar 13 -- N° 107. Comportamiento banca comercial 1989 20 -- Marruecos: decisión real a favor de la inversión extranjera 26 -- Adriano y las leyes económicas 27 -- N° 108. Las empresas del pueblo 32 -- N° 109. Privatización: algunas lecciones internacionales 39 -- De Alemania del este a la del oeste: ¿alguna razón? 46 -- Declaración jurada 51 -- Lo publico y lo privado 52 -- N° 110. Carta de un accionista de corde 54 -- N° 111. Como desarrollar la República Dominicana 61 -- N° 112. La gallinita roja 69 -- N° 113. Adam Smith en Argentina 73 -- N° 114. El presupuesto en gráficos 87 -- N° 115. Varios errores sobre la luz eléctrica 93 -- N° 116. Obstáculos semánticos: trampas y espejismos 102 -- N° 117. El futuro del sistema financiero 109 -- N° 118. Economía Dominicana 1989 114 -- N° 119. Enseñanza de un banquero central 150 -- N° 120. Incidencias de las políticas de presupuesto publico implementadas en la Republica Dominicana 156 -- N° 121. Panorama económico Dominicano 165 -- N° 122. La situación cambiaria y el equilibrio macroeconómico en República Dominicana: diagnostico y políticas 171 -- N° 123. La misión 187 -- N° 124. Lineamientos estratégicos para el desarrollo económico de la República Dominicana: presentación 193 -- N° 125. Mercado y libertad 208 -- N° 126. De la lambada a color de mello 215 -- N° 127. La nueva política económica aplicada 226 -- N° 128. La tasa de cambio en gráficos 232 -- N° 129. Artistas, intelectuales y la economía de mercado 249 -- N° 130. Las utilidades de las empresas de corde 255 -- N°131. Austeridad si pero en el sector público 267 -- N° 132. Un programa anti-inflacionario 271 -- N° 133. Imprima, mi frente, imprima 287 -- N° 134. Las verdaderas opciones de los paises deudores 293 -- N° 135. Prohibiendo importaciones salvamos al país 310 -- N° 136. Las promesas de Balaguer 316 -- N° 137. Enfoque político de los ajustes económicos (I) 330 -- N° 138. La batalla de collor en Brasil 337 -- N° 139. La inflamación como impuesto en la República Dominicana 355 -- N° 140. Credibilidad y éxito del programa de ajuste 361 -- N° 141. A quien beneficia la reforma arancelaria 382 -- N° 142. Salud y crisis económica: el hospital Toribio Bencosme en Moca 388 -- N° 143. El moderno Adam Smith 397 -- N° 144. Taiwán y Corea: dos senderos hacia la prosperidad 403 -- N° 145. Una alternativa: bloques regionales de comercia 416 -- N° 146. Los empresarios y la reforma arancelaria 423 -- N° 147. El manifiesto capitalista: el libre mercado es el único sistema economico moral 441 -- N° 148. ¿Por que usted no tiene carro? 446 -- N° 149. La tasa de cambio en gráficos 455 -- N° 150. Popularismo macroeconómico: el chile de allende 461 -- N° 151. Rusia descubre el mercado 475 -- N° 152. Gobernadores e inorgánicos: el ranking de los emisores 482 -- N° 153. Maxi-devaluación y credibilidad 495 -- N° 154. Popularismo macroeconómico: el Perú de Alan García 502 -- N° 155. Los cinco desafíos de América Latina 518 -- N° 156. Presidentes e inorgánicos: ranking de los demandantes de inorgánicos 524 | ||
| 590 | _aInventariado 2022 / DG | ||
| 651 | 4 |
_aRepública Dominicana _xCondiciones económicas _y1961- _97344 |
|
| 651 | 4 |
_aAmérica Latina _xPolítica económica _y1982- _981872 |
|
| 700 | 1 |
_aDauhajre, Andrés _eed. _qhijo _96000 |
|
| 910 | _aDG | ||
| 942 |
_2ddc _cLBS1 |
||
| 999 |
_c52809 _d52809 |
||